000 00550nam a2200181 i 4500
001 39539
003 ES-MaACL
005 20251013180947.0
007 t|
008 030303s1944 sp ||||1| spa d
245 0 0 _aCancionero de Navidad /
_cselección, prólogo y notas de Adolfo Maillo.
250 _a2ª ed.
260 _aMadrid :
_bVicesecretaría de Educación Popular,
_c1944 (
_fUguina)
300 _a333 p. ;
_c17 cm.
700 1 _aMaíllo, Adolfo,
_d1905-1995
_9173042
852 _aES-MaACL
_jB-10158
_bR.21152
999 _c39539
_d39539